Olympics men's rowing coxed eight Top 4 Positions - Statistics

General Stats
  • This quiz has been taken 124 times
  • The average score is 17 of 21
Answer Stats
Answer % Correct
Germany
100%
Great Britain - Canada
100%
West Germany
100%
Great Britain
99%
United States
99%
Canada
97%
Australia
95%
France
94%
New Zealand
94%
Netherlands
87%
Italy
86%
Russia
81%
Romania
79%
Soviet Union
79%
East Germany
76%
Belgium
69%
Sweden
65%
Norway
64%
Yugoslavia
63%
Czechoslovakia
51%
Croatia
45%
No matching quizzes found
Score Distribution
Percent of People with Each Score
Percentile by Number Answered
Your Score History
You have not taken this quiz